000 00911cam a2200241 a 4500
001 000015749
005 20240306073909.0
008 780116s1968 ve ach 000 0 spa
035 _a(DLC) 75408480
040 _aDO-SdBNP
_bspa
_cDLC
_dBNPHU
050 0 0 _aF2341.C2
_bA34 vol. 11
100 1 _aÁvila, Francisco J.
_935434
245 1 0 _aMartí en el periodismo caraqueño :
_bel estilo prospectivo de un maestro de la comunicación social /
_c[ Francisco J. Ávila].
260 _aCaracas :
_bCuatricentenario de Caracas,
_c1968.
300 _a298 p. :
_bil., facsims., ports. ;
_c23 cm.
490 1 _aMateriales para el estudio de Caracas
_v11
500 _aArtículos de J. Martí: p. 127-298.
600 1 0 _aMartí, José,
_d1853-1895
_9645
700 1 _aMartí, José,
_d1853-1895
_9645
830 0 _aMateriales para el estudio de Caracas ;
_v11
_935435
910 _aCatalogación derivada
049 _aBNGR
999 _c15299
_d15299